[Event "RUS-chT U14"]
[Site "Sochi"]
[Date "2017.05.10"]
[Round "9.1"]
[White "Kytin, Makar"]
[Black "Murtazin, Ruslan"]
[Result "0-1"]
[WhiteElo "2120"]
[BlackElo "2411"]
[PlyCount "64"]
[EventDate "2017.05.01"]
[EventType "team-tourn"]
[EventRounds "9"]
[EventCountry "RUS"]
[SourceTitle "CBM 178 Extra"]
[Source "ChessBase"]
[SourceDate "2017.06.22"]
[SourceVersion "1"]
[SourceVersionDate "2017.06.22"]
[SourceQuality "1"]

1. e4 c5 2. Nf3 e6 3. d4 cxd4 4. Nxd4 a6 5. Bd3 Bc5 6. Nb3 Be7 7. 0-0 Nc6 8. Be3 Nf6 9. f4 d6 10. Qf3 0-0 11. a4 e5 12. Nc3 Nb4 13. a5 Bg4 14. Qg3 Be6 15. Bb6 Qc8 16. f5 Nxd3 17. Qxd3 Bc4 18. Qf3 Bxf1 19. Rxf1 Qc4 20. Nd2 Qb4 21. b3 Rac8 22. Nc4 Rxc4 23. bxc4 Qxc4 24. Rd1 Rc8 25. Rd3 Bd8 26. g4 Bxb6+ 27. axb6 h6 28. h4 d5 29. Nxd5 Nxd5 30. Rxd5 Qxc2 31. Rxe5 Qb1+ 32. Kg2 Qb2+ 0-1

[Event "RUS-chT U14"]
[Site "Sochi"]
[Date "2017.05.03"]
[Round "3.4"]
[White "Kytin, Makar"]
[Black "Shubin, Kirill"]
[Result "1/2-1/2"]
[WhiteElo "2120"]
[BlackElo "2287"]
[PlyCount "55"]
[EventDate "2017.05.01"]
[EventType "team-tourn"]
[EventRounds "9"]
[EventCountry "RUS"]
[SourceTitle "CBM 178 Extra"]
[Source "ChessBase"]
[SourceDate "2017.06.22"]
[SourceVersion "1"]
[SourceVersionDate "2017.06.22"]
[SourceQuality "1"]

1. e4 e6 2. d4 d5 3. Bd3 dxe4 4. Bxe4 Nf6 5. Bf3 Nbd7 6. Be3 Bd6 7. Ne2 e5 8. Nbc3 0-0 9. 0-0 exd4 10. Nxd4 Ne5 11. Ndb5 Nxf3+ 12. Qxf3 Be5 13. Rad1 Qe7 14. h3 c6 15. Nd4 Qc7 16. Rfe1 Bd7 17. Nb3 b6 18. Bd4 Rae8 19. Ne4 Bxd4 20. Nxd4 Nxe4 21. Rxe4 c5 22. Nf5 Rxe4 23. Qxe4 Be6 24. Ne3 Kh8 25. Kh1 Kg8 26. Kg1 Kh8 27. Kh1 Kg8 28. Kg1 1/2-1/2

[Event "Novokuznetsk-ch"]
[Site "Novokuznetsk"]
[Date "2016.05.11"]
[Round "9"]
[White "Ponomarev, Grigori"]
[Black "Kytin, Makar"]
[Result "1/2-1/2"]
[WhiteElo "1940"]
[BlackElo "1985"]
[PlyCount "46"]
[EventDate "2016.05.01"]
[EventType "swiss"]
[EventRounds "9"]
[EventCountry "RUS"]
[SourceTitle "CBM 172 Extra"]
[Source "ChessBase"]
[SourceDate "2016.06.21"]
[SourceVersion "1"]
[SourceVersionDate "2016.06.21"]
[SourceQuality "1"]

1. d4 Nf6 2. Nf3 c5 3. c3 cxd4 4. cxd4 d5 5. Nc3 Nc6 6. Bf4 Bf5 7. e3 Qb6 8. Be2 e6 9. 0-0 Be7 10. Nb5 Rc8 11. Nd6+ Bxd6 12. Bxd6 Qxb2 13. Ne5 Bc2 14. Qc1 Qxc1 15. Rfxc1 Ne4 16. Rxc2 Nxd6 17. Rac1 Ne7 18. Rxc8+ Nexc8 19. Rc7 0-0 20. Nd7 Rd8 21. Nc5 b6 22. Nb7 Nxb7 23. Rxb7 Nd6 1/2-1/2

[Event "Novokuznetsk-ch"]
[Site "Novokuznetsk"]
[Date "2016.05.07"]
[Round "7"]
[White "Chernov, Mikhail"]
[Black "Kytin, Makar"]
[Result "1-0"]
[WhiteElo "2315"]
[BlackElo "1985"]
[PlyCount "61"]
[EventDate "2016.05.01"]
[EventType "swiss"]
[EventRounds "9"]
[EventCountry "RUS"]
[SourceTitle "CBM 172 Extra"]
[Source "ChessBase"]
[SourceDate "2016.06.21"]
[SourceVersion "1"]
[SourceVersionDate "2016.06.21"]
[SourceQuality "1"]

1. e4 c5 2. Nf3 e6 3. d4 cxd4 4. Nxd4 Nf6 5. Nc3 Nc6 6. Ndb5 Bb4 7. a3 Bxc3+ 8. Nxc3 d5 9. Bd3 0-0 10. 0-0 d4 11. Ne2 Nd7 12. f4 Nc5 13. e5 Nxd3 14. Qxd3 Qd5 15. b4 b5 16. Bb2 Bb7 17. Rf2 Rad8 18. Rd1 Qa2 19. Bxd4 a6 20. Nc1 Qc4 21. Nb3 Ba8 22. Rfd2 Rd5 23. Qxc4 bxc4 24. Nc5 a5 25. c3 axb4 26. axb4 Rfd8 27. Na4 Bb7 28. Kf2 Kf8 29. Nb6 Rb5 30. Bc5+ Ke8 31. Nxc4 1-0

[Event "Novokuznetsk-ch"]
[Site "Novokuznetsk"]
[Date "2014.12.13"]
[Round "8"]
[White "Kytin, Makar"]
[Black "Vorobyova, Alyona"]
[Result "0-1"]
[WhiteElo "1809"]
[BlackElo "1984"]
[PlyCount "50"]
[EventDate "2014.11.16"]
[EventType "swiss"]
[EventRounds "9"]
[EventCountry "RUS"]
[SourceTitle "EXT 2016"]
[Source "ChessBase"]
[SourceDate "2015.10.08"]
[SourceVersion "1"]
[SourceVersionDate "2015.10.08"]
[SourceQuality "1"]

1. e4 c5 2. Nf3 e6 3. d4 cxd4 4. Nxd4 Nf6 5. Bd3 Nc6 6. Nb3 d5 7. Nc3 d4 8. Ne2 e5 9. Bd2 Be7 10. 0-0 0-0 11. h3 a5 12. a4 Nb4 13. Bxb4 Bxb4 14. Kh1 Re8 15. c3 dxc3 16. bxc3 Bd6 17. Qc2 Nh5 18. c4 Qh4 19. Kh2 Re6 20. c5 Rg6 21. Rg1 Bc7 22. Raf1 Nf6 23. Nc3 Rh6 24. f3 Bxh3 25. g3 Qg5 0-1

[Event "Novokuznetsk-ch"]
[Site "Novokuznetsk"]
[Date "2014.11.16"]
[Round "1"]
[White "Martjushov, Vasily"]
[Black "Kytin, Makar"]
[Result "1-0"]
[WhiteElo "2032"]
[BlackElo "1809"]
[PlyCount "35"]
[EventDate "2014.11.16"]
[EventType "swiss"]
[EventRounds "9"]
[EventCountry "RUS"]
[SourceTitle "EXT 2016"]
[Source "ChessBase"]
[SourceDate "2015.10.08"]
[SourceVersion "1"]
[SourceVersionDate "2015.10.08"]
[SourceQuality "1"]

1. d4 d5 2. e3 c6 3. Bd3 Nf6 4. Nd2 e6 5. f4 c5 6. c3 Nc6 7. Ngf3 Be7 8. 0-0 0-0 9. Ne5 c4 10. Bc2 Qc7 11. Rf3 b5 12. Rh3 b4 13. Bxh7+ Kh8 14. Bc2+ Kg8 15. g4 bxc3 16. bxc3 g6 17. g5 Nh7 18. Nxg6 1-0